000 00588nam a2200181Ia 4500
003 GCL
008 140319s9999 xx 000 0 ara d
040 _aGCL /
_cGCL
082 0 4 _a909.04924
_bج ب
100 1 _aجمال محمد سعيد
245 1 0 _aبنو اسرائيل فى العصور الغابرة /
_cجمال محمد سعيد
260 _aالقاهرة :
_bمكتبة زهراء الشرق
300 _a129ص ؛
_c24 سم
650 0 4 _aبنو اسرائيل
650 0 4 _aاليهودية - تاريخ
650 0 4 _aاليهودية - الاصل
942 _2ddc
_cBK
999 _c58311
_d58311